Transfer vybranej zložky duševného vlastníctva prostredníctvom poskytnutia licencie

Transfer duševného vlastníctva. Finančné zhodnotenie, predaj, udelenie súhlasu na používanie formou licencie. Vynález ako vybraná zložka duševného vlastníctva. Transfer patentovateľného vynálezu prostredníctvom poskytnutia licencie. Prehľad licenčných poplatkov podľa odvetví.

Enregistré dans:
Détails bibliographiques
Auteur principal: Havier, Jan, 1989-
Format: Chapitre de livre
Langue:slovaque
Sujets:
Tags: Ajouter un tag
Pas de tags, Soyez le premier à ajouter un tag!

MARC

LEADER 00000nla a2200000 4500
001 0214397
005 20240527082720.8
041 0 |a slo 
044 |a SK 
245 1 0 |a Transfer vybranej zložky duševného vlastníctva prostredníctvom poskytnutia licencie  |c Jan Havier 
520 |a Transfer duševného vlastníctva. Finančné zhodnotenie, predaj, udelenie súhlasu na používanie formou licencie. Vynález ako vybraná zložka duševného vlastníctva. Transfer patentovateľného vynálezu prostredníctvom poskytnutia licencie. Prehľad licenčných poplatkov podľa odvetví. 
610 2 0 |a vlastníctvo duševné 
610 2 0 |a vynálezy 
610 2 0 |a patenty 
610 2 0 |a predaj 
610 2 0 |a zmluvy licenčné 
610 2 0 |a licencie 
100 1 |a Havier, Jan, 1989-